000 00745nam a2200265 a 4500
003 AR-BaBNM
005 20251128204246.0
008 082120s2002 ||||||||||||||000 | spa||
040 _cAR-BaBNM
110 1 _aArgentina
_bMinisterio de Educación y Justicia
245 0 0 _aHomenaje a la profesora Luz Vieira Méndez
260 _aBuenos Aires
_bMinisterio de Educación y Justicia
_c1986
300 _a50 p.
_bfot.
600 1 4 _aAngeloz, Eduardo César
650 4 _aDOCENTES
650 4 _aDISCURSOS
650 4 _aACTIVIDADES CULTURALES
650 4 _aHISTORIA DE LA EDUCACION
650 4 _aLEGISLACION
650 4 _aBIOGRAFIAS
650 4 _aNORMAS PROFESIONALES DEL DOCENTE
651 4 _aArgentina
942 _cBK
998 _cEthel
999 _c6745
_d6745